| 000 | 01183nam a22002417a 4500 | ||
|---|---|---|---|
| 005 | 20240305165541.0 | ||
| 007 | cr|||| |||| | ||
| 008 | 200109s2019 bo |||||s|||| 00||0 spa d | ||
| 020 | _a978-99974-54-13-3 | ||
| 035 | _a30921 | ||
| 040 | _avLex | ||
| 090 |
_c10094 _d10094 |
||
| 100 | 1 | _aPaz Espinoza, Félix C. | |
| 245 | 1 | 0 |
_aDerecho de las familias violencia familiar _h[Recurso electrónico] : _bTeoría, Historia y Doctrina Complementada, actualizada / _cFélix C. Paz Espinoza |
| 256 | _aServicio en línea | ||
| 260 |
_aLa Paz: _bUniversidad Mayor de San Andrés de Bolivia (UMSA), _c2019 |
||
| 300 | _a1 recurso electrónico | ||
| 506 | 1 |
_aDisponible solo en los productos indicados _dvLex Global _dvLex Global (Academic Edition, excluding Law Schools) _dvLex Global (U.S. Academic Edition, Law Schools) _dvLex Global (U.S. Academic Edition, excluding Law Schools) _dvLex Global (Academic Edition, Law Schools) |
|
| 650 | 0 | 4 |
_aFamilia y Sucesiones _zBolivia |
| 740 | 0 | _avLex Libros (Servicio en línea) | |
| 856 | 4 | 0 | _uhttps://app.vlex.com/#/sources/derecho-de-las-familias-violencia-familiar-teoria-historia-y-doctrina-complementada-actualizada-30921 |
| 942 | _cRAA | ||
| 999 |
_c168330 _d168330 |
||